[Event "Rishon Le Ziyyon"]
[Site "Rishon Le Ziyyon"]
[Date "1996.??.??"]
[Round "2"]
[White "Kotronias, Vasilios"]
[Black "Alterman, Boris"]
[Result "0-1"]
[WhiteElo "2610"]
[BlackElo "2585"]
[Annotator "Alterman,B"]
[PlyCount "98"]
[EventDate "1996.02.??"]
[EventType "tourn"]
[EventRounds "9"]
[EventCountry "ISR"]
[EventCategory "13"]
[SourceTitle "CBM 053"]
[Source "ChessBase"]
[SourceDate "1996.08.01"]
[SourceVersion "1"]
[SourceVersionDate "1996.08.01"]
[SourceQuality "1"]

1. e4 {Johnson,M Schulz,A Rogers} c5 2. Nf3 d6 3. d4 cxd4 4. Nxd4 Nf6 5. Nc3 g6
6. Be3 Bg7 7. f3 Nc6 8. Qd2 O-O 9. Bc4 Bd7 10. O-O-O Ne5 11. Bb3 Rc8 12. h4 h5
13. Bh6 (13. Kb1 {Johnson,M}) (13. Bg5 {Johnson,M}) 13... Nc4 {Weniger
verpflichtend als 13...Bh6 und 14...Rxc3} (13... Bxh6 $5 {Johnson,M} 14. Qxh6
Rxc3 $13) 14. Bxc4 Rxc4 15. Bxg7 Kxg7 16. Kb1 $1 {Die Vielzahl der and dieser
Stelle gespielten Züge deutet schon darauf hin, daß der Stein der Weisen für
Weiß noch nicht gefunden wurde. [This move,first introduced in 1987,has not
become popular and has the objection of being rather slow. More usual is 16.g4]
} (16. Nd5 {Schulz,A}) (16. g4 {Schulz,A}) (16. Rhe1 {Schulz,A}) (16. Nde2 {
Schulz,A}) (16. f4 {Schulz,A}) 16... Qa5 (16... Qc7 17. Nd5 Nxd5 18. exd5 $16)
17. Nb3 Qe5 $5 $146 {Rogers Inf. 44/261} (17... Qc7 18. g4 $36 {Schulz,A} (18.
Ne2 Rc8 19. c3 b5 20. Qe3 a5 21. Nf4 a4 22. Nd2 e5 23. Nd3 Rc6 24. Nb4 {
1/2-1/2 Marjanovic,S-Tatai,S/Roma ;CBM 07 1988}) 18... hxg4 19. h5 gxf3 20.
Rdg1 Rg8 21. hxg6 fxg6 22. Nd5 Qd8 23. Nd4 e6 24. Nf4 Kf7 25. Nxf3 Nxe4 26.
Rh7+ Ke8 27. Qd3 Nc3+ 28. bxc3 Qb6+ 29. Kc1 Rxf4 30. Rxg6 Rgf8 31. Rgg7 Rxf3
32. Re7+ Kd8 33. Rxd7+ Kc8 34. Qc4+ Kb8 35. Qb4 Ka8 36. Rxb7 Rf1+ 37. Kb2 Rb8
38. Qxb6 {1-0 Short,N-Fleck,J/BL 8687 (1986) ;BL 80 1987 U.A. wegen dieser
Partie hatte das Abspiel mit 13...Nc4 lange Zeit einen sehr schlechten Ruf.})
18. Rhe1 $6 (18. f4 $1 Qe6 19. Rhe1 (19. Nd4 Qg4 20. e5 dxe5 21. fxe5 Ne4 22.
Nxe4 Qxe4 23. b3 $14) (19. e5 dxe5 20. fxe5 Qxe5 21. Rhe1 Qd6 $10) 19... Nxe4
20. Qd3 (20. Nxe4 Rxe4 21. Nd4 Rxe1 (21... Qd5 {Johnson,M} 22. Rxe4 Qxe4 23.
Re1 Qd5 24. Rxe7 $14) 22. Nxe6+ Rxe6 23. Qd4+ Kg8 24. Qxa7 Bc6 $44) 20... Rxc3
$1 21. bxc3 f5 $44) (18. g4 $2 {Schulz,A} hxg4 19. h5 Nxh5 $19) 18... Qg3 $1
$10 19. Qe3 (19. Qg5 $5 Qxg5 (19... Qe5 $5 {Schulz,A}) 20. hxg5 Ne8 21. Nd5 e6
22. Nf6 Nxf6 23. gxf6+ Kxf6 24. e5+ $14) (19. f4 {Johnson,M} Bg4 20. Rc1 Rfc8
$15) 19... Rfc8 $1 (19... Qxg2 $5) 20. e5 $6 (20. Qxa7 Qxg2 21. Qe3 Qh2 $132)
20... dxe5 21. Qxe5 (21. Ne2 Qxg2 22. Rg1 Qh3 $19) (21. Qg5 Qxh4) 21... Qxe5
22. Rxe5 Rxh4 (22... Kf8 23. g3 $10) 23. Rxe7 Rh2 $1 $15 24. Ne4 $6 (24. Re2
Re8 $15) (24. Rexd7 $2 {Schulz,A} Nxd7 25. Rxd7 Rxg2 {/\h5-h4}) 24... Bf5 (
24... Nxe4 $4 {Johnson,M} 25. Rdxd7 Nc5 26. Rxf7+ Kh8 (26... Kh6 27. Rh7+ $1
Kg5 28. Rd2 $16) 27. Rh7+ Kg8 28. Rdg7+ Kf8 29. c3 $1 (29. Rxg6 $4 Rh1+ 30. Nc1
Nd3 $3 $19) 29... Nxb3 30. axb3 Rxg2 31. Rxb7 Kg8 32. Rbg7+ Kf8 33. Rxa7 Kg8
34. b4 {+-}) 25. Nd4 Bxe4 $1 26. fxe4 Re8 $17 (26... Rxg2 27. Rxb7 h4 28. e5 $1
Nd5 29. e6 Rc7 30. Rxc7 Nxc7 31. exf7 Kxf7 32. Nf3 $1 {with strong counterplay}
) 27. Rxb7 Rxg2 28. a4 h4 29. Rh1 Rxe4 30. c3 a5 31. Ra7 (31. Rb5 {Johnson,M})
31... Rg5 32. Nb5 {[%cal Rb5d6]} Rd5 $19 (32... Rh5 $2 {Johnson,M} 33. Nd6 $1
$132) 33. Rxa5 g5 34. Ra6 g4 $1 35. Rf1 (35. Rxh4 g3 36. Rh1 g2 (36... Rde5 {
Johnson,M} 37. Kc2 Re1 38. Rh3 Rg5 $19) 37. Rg1 Rd1+ (37... Rg5 $17 {Schulz,A})
38. Rxd1 Rf4 $19) 35... Re6 36. Ra7 Rd2 (36... h3 37. Nc7 Rde5 38. Nxe6+ Rxe6
39. Ra5 Ne4 $19) 37. Nd4 Rxd4 38. cxd4 h3 39. Ra5 Ne4 40. Rg1 (40. Rf4 g3 $19)
40... g3 41. Rh5 Rh6 42. Rxh3 Rxh3 43. Kc2 Rh2+ 44. Kd3 f5 45. b4 Ra2 46. a5
Ra3+ 47. Kc2 f4 48. Kb2 f3 49. Kxa3 f2 0-1

[Event "EU-Cup 09th final"]
[Site "Hilversum"]
[Date "1993.12.11"]
[Round "3"]
[White "Anand, Viswanathan"]
[Black "Tolnai, Tibor"]
[Result "1-0"]
[WhiteElo "2725"]
[BlackElo "2490"]
[Annotator "Anand,V"]
[PlyCount "51"]
[EventDate "1993.12.10"]
[EventType "team-k.o."]
[EventRounds "3"]
[EventCountry "NED"]
[SourceTitle "EXT 2020"]
[Source "ChessBase"]
[SourceDate "2019.10.17"]
[SourceVersion "1"]
[SourceVersionDate "2019.10.17"]
[SourceQuality "1"]
[WhiteTeam "Lyon-Oyonnax Echecs"]
[BlackTeam "Budapest Honved"]
[WhiteTeamCountry "FRA"]
[BlackTeamCountry "HUN"]

1. e4 {Boensch} c5 2. Nf3 d6 3. d4 cxd4 4. Nxd4 Nf6 5. Nc3 g6 6. Be3 Bg7 7. f3
Nc6 8. Qd2 O-O 9. Bc4 Bd7 10. h4 Ne5 11. Bb3 Rc8 12. O-O-O Nc4 13. Bxc4 Rxc4
14. h5 Nxh5 15. g4 Nf6 16. Kb1 {!? Boensch sehr selten} (16. Nf5 {Boensch}) (
16. Rdg1 {Boensch}) (16. Qh2 {Boensch}) (16. e5 {Boensch}) (16. b3 {Boensch}) (
16. Nb3 {Boensch}) (16. Nd5 {Boensch}) (16. Nde2 {Boensch}) (16. Bh6 {Boensch})
16... Bxg4 $5 {?! Boensch} (16... Re8 {Boensch} 17. Nd5 e6 18. Nxf6+ Qxf6 19.
c3 $2 (19. Qh2 h6 20. b3 Rc3 21. Bxh6 $10) 19... Rxd4 $1 20. Bxd4 e5 21. g5
Qxf3 22. Qe3 Bg4 23. Rdf1 exd4 $19 {Westerinen,H-Ernst,T Gausdal Arnold-Cup (8)
1990 0-1 45}) (16... Qc7 {Boensch} 17. Nde2 Rc8 18. Bh6 Bh8 19. e5 dxe5 20. g5
Be6 21. gxf6 exf6 $15 {Pyda,Z-Ballmann,M Antwerpen-Wch stud (5) 1992 0-1 53})
17. fxg4 Nxg4 18. Qe2 $1 (18. Bg1 h5 $13) 18... Nxe3 {? Boensch} (18... h5 $16
{Boensch}) 19. Qxe3 e6 {?! Boensch} (19... Qb6 $2 20. Nd5 Bxd4 21. Nxe7+ Kh8
22. Rxh7+ Kxh7 23. Rh1+ Kg7 24. Qh6+ Kf6 25. Nd5+) (19... Qa5 $2 20. Nd5 $1 (
20. Nf5 gxf5 (20... Bxc3 21. Qh6 Re8 22. Qxh7+ Kf8 23. Qh8+ Bxh8 24. Rxh8#) 21.
Qh3 $1 (21. Rdg1 Qe5 $1 22. Rxg7+ $1 (22. Qh3 Rfc8 23. Qxh7+ Kf8) 22... Qxg7
23. Rg1 $16) 21... h6 (21... Rfc8 22. Nd5 $1 Rxe4 (22... Rxc2 23. Qxh7+ Kf8 24.
Qxg7+ $1 $18) 23. Qxh7+ Kf8 24. Rhg1 Rg4 25. Qxf5 $1 {>< Rc8}) (21... Rd8 22.
Qxh7+ (22. Nd5 Rxe4) 22... Kf8 23. Rhg1 $1 Qe5 $8 24. Rd5 $1 Qf6 25. Rxf5 Qh6 (
25... Qd4 26. Rfg5 $1 {/\ Qh8!}) 26. Qxh6 $1 Bxh6 27. Rh5 Bg7 28. Rhg5 $1 $18)
22. Rdg1 $18) 20... Re8 21. Nf5 $1 gxf5 22. Rhg1 $1 (22. Rdg1 Rxe4 23. Qg5 (23.
Rxg7+ Kf8 24. Qg3 $1 (24. Rhg1 Qe1+ $3) 24... Rg4 25. Rxg4 fxg4 26. Qe3 $1 f6
27. Rxh7 $1 $18 Kg8 28. Rh5) 23... Re1+ 24. Rxe1 Qxd5 25. Rhg1 Qd4 26. c3 h6
27. Qxf5 $1 $18) 22... Rxe4 (22... Kh8 23. Rxg7 Kxg7 24. Qg5+ Kh8 25. Rg1 $18)
23. Qg5 Rg4 24. Rxg4 fxg4 25. Nxe7+ Rxe7 26. Qxa5 $18) (19... h5 {Boensch} 20.
Rxh5 $2 gxh5 $2 (20... Rxd4 $17) 21. Rg1 $18) (19... Qd7 $2 {Boensch} 20. Nf5
$18) 20. Ndb5 $1 (20. e5 $2 Qb6 $1 (20... d5 21. Nxe6 fxe6 22. Qh3 h5 23. Qxe6+
Kh7 $13) 21. Ne4 (21. Qh3 h5 22. Nxe6 Bxe5 23. Nxf8 Rxc3 24. Nd7 Rxh3 25. Nxb6
Rxh1 26. Rxh1 axb6 $19) 21... dxe5 $1 22. Nf6+ Bxf6 23. Qh6 Rd8 24. Rdf1 Rcxd4
$1 $19) 20... Qa5 (20... Qb6 21. Qxb6 axb6 22. Nxd6 Rc6 23. Ncb5 {/\ b3,a4,Nc4
+/-}) 21. Nxd6 Rxc3 $2 (21... Rc6 $1 22. Ndb5 (22. Nxb7 $2 Qb4) 22... a6 23.
Nd4 $14) (21... Rb4 $6 22. Rd3 h5 23. Rhd1 $1 (23. a3 $2 Qxa3 24. Nc4 Qa6)
23... a6 $2 24. a3 Qxa3 25. Nc4 $1 $18) 22. bxc3 Bxc3 23. Rd3 $1 $18 {[]} Qb4+
24. Kc1 Qb2+ (24... Bg7 25. a3 $1 Qb2+ 26. Kd2) 25. Kd1 Qxa2 $2 (25... Be5 26.
Qh6 Qb1+ 27. Ke2 (27. Kd2 $2 Bf4+) 27... Qxc2+ 28. Rd2 $18) (25... Bg7 $18) (
25... Qb1+ {Boensch} 26. Qc1 $18) 26. Qh6 (26. Qh6 $1 Qb1+ 27. Ke2 Qxc2+ 28.
Ke3 $18) 1-0

[Event "Belgrade Investbank"]
[Site "Belgrade"]
[Date "1997.11.16"]
[Round "5"]
[White "Anand, Viswanathan"]
[Black "Georgiev, Kiril"]
[Result "1-0"]
[WhiteElo "2765"]
[BlackElo "2670"]
[Annotator "Anand,V"]
[PlyCount "59"]
[EventDate "1997.11.11"]
[EventType "tourn"]
[EventRounds "9"]
[EventCountry "YUG"]
[EventCategory "18"]
[SourceTitle "CBM 062"]
[Source "ChessBase"]
[SourceDate "1998.01.31"]
[SourceVersion "1"]
[SourceVersionDate "1998.01.31"]
[SourceQuality "1"]

{Before the 5th round, Ivanchuk and Lautier were leading on +2 and Shirov and
I followed closely on +1.} 1. e4 {Ftacnik Schulz,A} c5 2. Nf3 d6 3. d4 cxd4 4.
Nxd4 Nf6 5. Nc3 g6 {Georgiev has also been playing the Accelerated Dragon, but
after his loss to Ivanchuk in the 1st round, I guessed that he would return to
the Dragon.} 6. Be3 Bg7 7. f3 Nc6 8. Qd2 O-O 9. Bc4 Bd7 10. O-O-O Na5 {A
surprise to me. Why play Na5 when Ne5 accomplishes the same result (Nc4) ? As
it turns out, Kiril had another idea in mind.} (10... Ne5 {Schulz,A} 11. Bb3
Rc8) 11. Be2 {I reasoned that Bb3 would give him two choices - Nxb3 and Nc4 -
so opted for this one instead. Schulz: Diese Neuereung spielte Anand nach kaum
zwei Minuten Nachdenken. Es ist fraglich, ob Schwarz jetzt etwas Besseres hat
als mit Nc4 in die üblichen Abspiele einzulenken.} (11. Bb3 {Schulz,A} Nxb3+ {
Schulz: war das von Georgiev vorbereitete Abspiel.} (11... Nxb3+ {Ftacnik} 12.
cxb3 Qa5 (12... Qb8 13. Bh6 Bxh6 14. Qxh6 b5 15. h4 b4 16. Nd5 Nxd5 17. exd5
Qb7 18. h5 Qxd5 19. hxg6 Rac8+ 20. Kb1 Bf5+ 21. Ka1 Bxg6 22. g4 f5 23. Nxf5
Rxf5 24. Rxd5 Rxd5 {1/2-1/2 Zontakh,A-Velimirovic,D/Arandjelovac 1993 (27)})
13. Kb1 Rfc8 (13... b5 14. Nd5 Qd8 15. h4 Nxd5 16. exd5 a5 17. Bh6 f6 18. h5 g5
19. Bxg7 Kxg7 20. f4 h6 21. Rde1 Rf7 22. Qd3 Kh8 23. Ne6 Bxe6 24. Rxe6 {
1-0 Dietrich,F-Mueller,M/DLM 1996 (43)}) 14. g4 b5 15. h4 b4 16. Nce2 Qe5 17.
Bf4 Qc5 18. Bh6 Bh8 19. h5 a5 20. Nf5 Re8 21. Be3 Qc6 22. Ned4 Qb7 23. hxg6
fxg6 24. g5 Nh5 25. Nh6+ Kf8 26. Rxh5 gxh5 27. Qh2 {1-0 Wahls,M-Kunze,M/Munich
op9192 1992 (28)}) (11... Rb8 12. Bh6 b5 13. h4 e5 14. Bxg7 Kxg7 15. Nde2 b4
16. Nd5 Nxb3+ 17. cxb3 Nxd5 18. Qxd5 Bb5 19. Qd2 h5 20. Kb1 Qf6 21. Nc1 Rfd8
22. Qe3 {1-0 Sax,G-Bilek,I/HUN-ch 1975 (39)})) 11... Rc8 12. Kb1 a6 $2 {
Of course 12...Nc4 13.Bc4 Rc4 would transpose to studied paths. Still, I was
and am unconvinced by a6 - White gets all the time he wants on the kingside.
In about 3 moves, Black is in dire straits. Schulz: Macht man im Drachen
eigentlich nie. Schwarz möchte aber durch den Vorstoß b5-b4 beweisen, daß der
B auf e2 schlecht steht, weil er dem Nc3 ein Rückzugsfeld nimmt.} ({Schulz: Mit
} 12... Nc4 {Schulz,A} 13. Bxc4 Rxc4 {bekäme man die "normalen"
Stellungsbilder. Schwarz versucht jetzt und in der Folge, ohne den
thematischen Zug Sa5-c4 auszukommen.} (13... Rxc4 {Ftacnik} 14. h4)) 13. g4 b5
14. h4 e6 (14... Nc4 15. Bxc4 Rxc4 16. h5 $16) (14... b4 15. Nd5 Nxd5 16. exd5
$16 (16. exd5 {Ftacnik} e5 17. dxe6 fxe6 18. h5 $16)) 15. a3 $1 $16 {Cutting
out any b4 stuff.} (15. h5 $2 {Ftacnik} b4) 15... h5 {Once White plays h4-h5
his attack will play itself, so desperate measures are called for.} (15... Nc4
16. Bxc4 Rxc4 17. Nb3 $1 {><d6}) (15... e5 16. Nb3 (16. Nf5 {Schulz,A} gxf5 17.
gxf5 Z0 18. Bg5 $140 (18. Rhg1) 18... Z0 19. Nd5 $40) 16... Nxb3 (16... Nc4 17.
Bxc4 bxc4 18. Nc1 Rc6 19. N1a2 $1 a5 20. h5 $16) 17. cxb3 Be6 18. Ka2 $16 (18.
Qxd6 Bxb3 (18... Qxd6 19. Rxd6 Bxb3 20. Rxa6 $16) {Schulz: und nun ist} 19.
Qxa6 $1 Bxd1 20. Rxd1 Qe7 21. g5 Nh5 22. Nd5 Qe8 23. Qxc8 Qxc8 24. Ne7+ $18 {
denkbar.})) 16. Bg5 $1 {Schulz: Im Vergleich zu ähnlichen Stellungsbildern in
der Hauptvariante steht der N auf a5 hier bestimmt schlechter als auf e5. Der
Aufmarsch des schwarzen b-Bauern ist ohne Wirkung.} (16. gxh5 {Ftacnik} Nxh5
17. f4 Ng3 18. Rhg1 Nxe2 19. Qxe2 Nc4 20. h5 Nxa3+ $132) 16... hxg4 (16... Qb6
17. Bxf6 Bxf6 18. gxh5 Nc4 (18... b4 19. axb4 Qxb4 20. Nd5 $1 Qxd2 21. Nxf6+
Kg7 22. Rxd2 $16) 19. Bxc4 Rxc4 20. Nb3 $16) (16... e5 {Ftacnik} 17. Nd5 Nc4 (
17... exd4 18. Bxf6 Bxf6 19. Nxf6+ Qxf6 20. Qxa5 $16) 18. Bxc4 bxc4 19. Ne2
hxg4 20. Nxf6+ Bxf6 21. Qxd6 Bxg5 22. hxg5 gxf3 23. Qxe5 $18) 17. h5 {The
attack on the kingside is very efficient thanks to the support of the g5
bishop. Der Angriff am Königsflügel ist aufgrund der Unterstützung durch den
Bg5 besonders effektiv.} (17. fxg4 {Ftacnik} e5 18. Nf3 Bxg4 19. Nxe5 Bxe2 20.
Qxe2 Qe8 $15) 17... gxh5 (17... Qb6 18. h6 Bh8 19. h7+ Nxh7 20. Rxh7 (20. Be3
$16) 20... Qxd4 (20... Kxh7 21. Rh1+ Kg8 22. Rxh8+ Kxh8 23. Bf6+ Kh7 24. Qg5
Rc5 25. Nd5 $1 $18) (20... Bxd4 21. Rdh1 b4 22. Bf6 $1 Bxf6 23. Qh6 Qd4 24.
Rh8+ Bxh8 25. Qh7#) 21. Rdh1 $1 Bg7 (21... Be5 22. f4 $1 Qxd2 $2 (22... Bg7 23.
Qxd4 Bxd4 24. e5 $18) 23. fxe5 $1 Qe1+ 24. Rxe1 Kxh7 25. Rh1+ $18) 22. e5 $1
Bxe5 (22... Qxd2 23. Rxg7+) (22... Qxe5 23. f4 Qd4 24. Qxd4 Bxd4 25. Ne4 $18)
23. f4 $1 Qxd2 (23... Bg7 24. Qxd4 Bxd4 25. Ne4 $1 f5 26. Bf6 $1 $18) 24. fxe5
$18) (17... gxf3 {Ftacnik} 18. Nxf3 Rxc3 19. Bxf6 (19. Qxc3 Nxe4 20. Qxg7+ Kxg7
21. Bxd8 Rxd8 $13) 19... Bxf6 $1 20. bxc3 $16) 18. Rxh5 (18. fxg4 {Ftacnik}
hxg4 19. Bxg4 Nc4 20. Qh2 Re8 $13) 18... Rc5 (18... g3 19. Rh3 $1 $18) (18...
e5 {Ftacnik} 19. Bxf6 Bxf6 20. Nd5 Re8 21. Qh6 Bg7 22. Rg5 $18) (18... gxf3 {
Ftacnik} 19. Bxf3 (19. Nxf3 Rxc3 20. Bxf6 Qxf6 21. Qxc3 Qxc3 22. bxc3 $14)
19... Nc4 (19... Qe7 20. Qg2 $16) 20. Qg2 Nxa3+ 21. bxa3 Rxc3 22. Rh6 $1 $18)
19. fxg4 $1 {Not a difficult move to find, but besides making possible ideas
like Nf5, it stops moves like g4-g3 which can be really annoying.} (19. b4 {
Schulz,A} Nc4) 19... Rxc3 {There is nothing else} 20. Bxf6 (20. Qxc3 {Schulz,A}
Nxe4 21. Qe3 Nxg5 22. Rxg5 Re8 (22... Qf6 $16 {Ftacnik}) 23. Rh1 Qf6 (23... Kf8
$2 24. Rxg7 Kxg7 25. Qh6+ Kg8 26. Qh8#) 24. Rf1 $18 {Schulz: mit mehr
technischen Schwierigkeiten als in der Partie.}) 20... Qxf6 (20... Rxc2 21.
Qxc2 Qxf6 22. e5 Qg6 23. Bd3 Qxg4 24. Bh7+ Kh8 25. Rhh1 $18) (20... Bxf6 {
Ftacnik} 21. Qh6 Re8 22. bxc3 Qe7 23. Rdh1 $18) 21. Qxc3 Nc4 {Black suffers
because he lacks the means to sterngthen the counterplay. Schwarz findet keine
Mittel, um sein Gegenspiel zu verstärken.} (21... Nc6 {Ftacnik} 22. Nxc6 Bxc6
23. e5 Qf2 24. Qd3 f5 25. exd6 $18) 22. Bxc4 bxc4 23. Qxc4 {White doesn't have
much of an attack left, but the material cost has been too high for Black.} Rc8
(23... Qg6 {Ftacnik} 24. Qxa6 Qxg4 25. Qe2 (25. Rhh1 Qxe4 26. Qxd6 $18) 25...
e5 26. Rdh1 (26. Qxg4 Bxg4 27. Rg5 Bxd1 28. Nf5 Bf3 29. Rxg7+ Kh8 30. Rg3 Bxe4
31. Nxd6 $18) 26... exd4 27. Qh2 f5 28. Rg1 fxe4 29. Rxg4 Rf1+ 30. Ka2 Be6+ 31.
b3 Bxg4 32. Rg5 $18) 24. Qxa6 $1 Qe7 (24... Qf2 25. Qxd6 $1 Bxd4 26. Qxd4 Qxc2+
27. Ka1 $18) (24... Qf4 25. Qb7 Rd8 26. Qc7 $18) 25. Rh3 Bf6 26. Rb3 (26. Rc3 {
Ftacnik} Rxc3 27. bxc3 Be5 28. Qa8+ $18) 26... Be5 27. Nf3 Bf4 28. Rb4 d5 (
28... e5 {Ftacnik} 29. Rb7 Qe8 30. Qxd6 $18) 29. exd5 Qc5 30. c3 (30. Rxf4 $2 {
Ftacnik} Qxc2+ 31. Ka2 Qxd1) (30. c3 {Ftacnik} e5 31. Qf6 $18) 1-0

[Event "Asia-ch"]
[Site "Kolkata"]
[Date "2001.08.16"]
[Round "10"]
[White "Ganguly, Surya Shekhar"]
[Black "Nguyen, Anh Dung"]
[Result "1-0"]
[WhiteElo "2464"]
[BlackElo "2533"]
[Annotator "Atlas,V"]
[PlyCount "83"]
[EventDate "2001.08.09"]
[EventType "swiss"]
[EventRounds "11"]
[EventCountry "IND"]
[SourceTitle "CBM 085"]
[Source "ChessBase"]
[SourceDate "2001.11.13"]
[SourceVersion "1"]
[SourceVersionDate "2001.11.13"]
[SourceQuality "1"]

1. e4 c5 2. Nf3 d6 3. d4 cxd4 4. Nxd4 Nf6 5. Nc3 g6 6. Be3 Bg7 7. f3 O-O 8. Qd2
Nc6 9. Bc4 Na5 10. Bb3 Bd7 11. O-O-O Nxb3+ 12. cxb3 Qa5 13. Kb1 Rfc8 14. g4 h5
15. gxh5 Qxh5 16. Nce2 e5 17. Ng3 Qh3 18. Nde2 d5 19. Ng1 Qe6 20. exd5 Qe8 21.
Bg5 a5 22. a3 Ra6 23. N1e2 e4 24. Rhe1 exf3 25. Nd4 Qf8 26. Nxf3 Qc5 27. Ne5
Bh3 28. Bxf6 Bxf6 29. Ne4 Bf5 30. Ka2 Bxe4 31. Rxe4 Bxe5 32. Rxe5 Rf6 (32... a4
{, trying to disclose the white king, was more stubborn.}) 33. Re3 Rd8 34. Rh3
$1 {[%cal Gh3h8,Gd2h6] Creating a deadly threat 35.Qh6.} Qf8 35. Qxa5 Rc8 {
[%tqu "En","White is very close to victory. How can he achieve it?","Try to
bring your queen into action.","Target the enemy king!","d5d6","This pawn
thrust deprives Black of a last hope.",5]} 36. d6 $1 {[%csl Rh8][%cal Ga5e5,
Gh3h8,Ge5h8,Gd6d7] Now the game is over.} Rf5 ({The pawn is invulnerable:} 
36... Rxd6 37. Qe5 Rxd1 38. Qh8#) 37. Qb6 Rd8 38. Qxb7 Rf2 39. Qe7 Ra8 40. Qh4
Rxa3+ 41. Kxa3 Qa8+ 42. Qa4 1-0

[Event "Corus-C"]
[Site "Wijk aan Zee"]
[Date "2007.01.13"]
[Round "1"]
[White "Berg, Emanuel"]
[Black "Van Haastert, Edwin"]
[Result "1-0"]
[WhiteElo "2586"]
[BlackElo "2391"]
[Annotator "Berg,E"]
[PlyCount "67"]
[EventDate "2007.01.13"]
[EventType "tourn"]
[EventRounds "13"]
[EventCountry "NED"]
[EventCategory "10"]
[SourceTitle "CBM 116 Extra"]
[Source "ChessBase"]
[SourceDate "2007.03.07"]
[SourceVersion "1"]
[SourceVersionDate "2007.03.07"]
[SourceQuality "1"]

1. e4 c5 2. Nf3 d6 3. d4 cxd4 4. Nxd4 Nf6 5. Nc3 g6 6. Be3 Bg7 7. f3 O-O 8. Qd2
Nc6 9. Bc4 Bd7 10. Bb3 ({It is more common starting with} 10. O-O-O {but then
Black has the extra opportunity of playing the interesting} Rb8 {which is not
of much use if White hasn't castled.}) 10... Rc8 11. O-O-O Ne5 12. Kb1 Re8 {
Protecting e7 and preparing for ...Qa5.} ({After} 12... Nc4 13. Bxc4 Rxc4 14.
g4 {White has a nice advantage.}) 13. Bh6 $5 {Interesting but quite risky for
White. Probably it's better to start with} (13. h4 h5 {and first now} 14. Bh6 {
as after} Bxh6 15. Qxh6 Rxc3 16. bxc3 {Black doesn't have time for} a5 {
because of} 17. f4 {and the g6-pawn will go lost.}) 13... Nc4 $2 {A clear
mistake, after this White obtains a solid advantage. Instead Black should
search for counterplay sacrificing and exchange with} (13... Bxh6 14. Qxh6 Rxc3
15. bxc3 a5 {and after} 16. a4 Qb6 {with good counterplay for Black.}) 14. Bxc4
Rxc4 15. Bxg7 Kxg7 16. g4 $1 {A strong move that puts up some real problems
for Black. h4-h5 is comming quickly and Black does not have enough time to
create counterplay on the queenside. Therefore he is now forced to weaken
himself in the center.} e5 {Not nice-looking but necessary.} ({After} 16... Qa5
{there is} 17. Nb3 Qb4 18. e5 {and White is winning as} dxe5 19. g5 {looses a
piece and returning with the knight loses at least a pawn without any
compensation.}) 17. Nde2 Rc6 18. h4 h5 19. g5 Nh7 20. f4 $6 {The idea is right,
but stronger was} (20. Nb5 Re6 {and now} 21. f4 {with a clear advantage to
White. Now the rook on e6 is very badly placed blocking the diagonal for the
bishop.}) 20... Qa5 21. fxe5 $1 {It's important to take this pawn now to force
Black taking back with one of his pieces giving nice squares on f4 and d4 for
the white knight.} Rxe5 22. Nd4 Ra6 $2 {An emty threat. Here the rook doesn't
have a good future which the game will show. Actually the rook got stuck here
for the rest of the game!} ({Better is} 22... Rc8 {playing defensive and Black
has reasonable chances to survive.}) 23. Nb3 Qd8 24. Qf4 f6 {A
terrible-looking move, but Black is already in big trouble.} 25. gxf6+ Qxf6 26.
Qg3 Be6 27. Rhf1 Qe7 28. Nd4 {Now Nf5+ is comming opening up the Black's king
even more and there is no way to stop it.} Nf6 29. Nf5+ Bxf5 30. exf5 Ng4 31.
Nd5 Qf7 32. fxg6 Qxg6 33. Qf4 Re8 $4 ({After} 33... Kh8 $1 {Black might still
hold on a few moves, but with such a bad king it would probably not last for
that long anyway.}) 34. Nc7 1-0